000 00826nam a2200193 i 4500
001 55446
003 ES-MaACL
005 20250818043012.0
007 t|
008 030919s1917 fr ||||1| fre d
100 1 _aDermée, Paul.
_943777
245 1 0 _aCarranza
_b: sa vie, son röle politique : (1859-1917) /
_cPaul Dermée.
260 _aParis :
_b[s.n.],
_c1917 (
_fImp. Centrale de la Bourse)
300 _a32 p., [1] de lám. :
_bil. ;
_c22 cm.
600 1 4 _aCarranza, Venustiano,
_d1859-1920
_935508
651 _aMéxico-
_xHistoria-
_y1910-1917, Revolución armada.
_9151495
852 _aES-MaACL
_j1565-F-4
_z.- Sello en la port:: Legación de los Estados Unidos Mexicanos
_z.- Anotación manuscrita en verso cubierta: "Humilede trabajo de propaganda de Luis Quintanilla, Paris, mayo 1917"
999 _c55446
_d55446